MARs Attack! Quiz Stats

Quiz Updated Mar 8, 2012

Challenge
Share
Tweet
Embed
Score 0/32 Timer 05:00
1 Play Today
Clue Word % Correct
26.2 mile racemarathon
94.3%
Blonde bombshell MonroeMarilyn
90.8%
Butter substitutemargarine
90.1%
Wedlockmarriage
86.7%
Kangaroo or opossum, e.g.marsupial
86.1%
The edge of a printed pagemargin
85%
S'more ingredientmarshmallow
84.5%
One of the original 13 statesMaryland
83.9%
Drink often with a salted rimmargarita
80.7%
A dark redmaroon
80.3%
DC Comics competitorMarvel
79.7%
Mrs. George WashingtonMartha
77.3%
This is inside the femurmarrow
75.1%
The process of selling productsmarketing
74.9%
The basis of Leninismmarxism
74.3%
A large sportfishmarlin
73.9%
Clue Word % Correct
A sauce to tenderize meatsmarinade
71.3%
A gin & vermouth cocktailmartini
71.2%
Flower usually of yellow and orangemarigold
66.5%
Thurgood, Penny, or Garry, e.g.Marshall
65.9%
Potmarijuana
65.4%
3-time Cy Young winner PedroMartinez
62.9%
Tennis' Hingis or NavratilovaMartina
62.4%
A Seattle baseballerMariner
62.4%
Comedienne ChoMargaret
55.9%
Confection made from almond pastemarzipan
48.7%
Pirate or maker of a map in Harry Pottermarauder
48.2%
Scrooge's partnerMarley
47.3%
A large preserved cherrymaraschino
44.2%
Metamorphic limestonemarble
36.2%
Family in 'Little Women'March
32.3%
Instrument made from a gourdmaraca
27.2%

You're not logged in!

Compare scores with friends on all Sporcle quizzes.
Join for Free
OR
Log In

You Might Also Like...

Show Comments

Extras

Top Quizzes Today


Score Distribution

Your Account Isn't Verified!

In order to create a playlist on Sporcle, you need to verify the email address you used during registration. Go to your Sporcle Settings to finish the process.

Report this User

Report this user for behavior that violates our Community Guidelines.

Details: